Murasaki zenshaku /

Disimpan dalam:
Butiran Bibliografi
Pengarang Utama: Itsumi, Kumi, 1926-
Pengarang-pengarang Lain: Yosano, Tekkan, 1873-1935.
Format: Buku
Bahasa:Japanese
Diterbitkan: Tōkyō : Yagi Shoten, Shōwa 60 [1985]
Subjek-subjek:
Penanda-penanda: Tambah Penanda
Tiada Penanda, Jadilah orang pertama menanda rekod ini!
LEADER 01060nam a2200289 a 4500
001 007718121-2
005 20024617115255.0
008 851230s1985 ja af 001 0 jpn
010 |a 85221327 /AJ/r98 
020 |c Y3800 
035 0 |a ocm15419075 
040 |a DLC  |c DLC  |d *YNH*  |d CStRLIN 
050 0 |a PL819.O82  |b M834 1985 
100 1 |6 880-01  |a Itsumi, Kumi,  |d 1926- 
245 1 0 |6 880-02  |a Murasaki zenshaku /  |c Itsumi Kumi cho. 
260 |6 880-03  |a Tōkyō :  |b Yagi Shoten,  |c Shōwa 60 [1985] 
300 |a ii, 296, 54 p., [2] p. of plates :  |b ill. ;  |c 22 cm. 
500 |a Includes index. 
600 1 0 |6 880-04  |a Yosano, Tekkan,  |d 1873-1935.  |t Murasaki. 
700 1 2 |6 880-05  |a Yosano, Tekkan,  |d 1873-1935.  |t Murasaki.  |f 1985. 
880 1 |6 100-01  |a 逸見久美,  |d 1926- 
880 1 0 |6 245-02  |a むらさき全釋 /  |c 逸見久美著. 
880 |6 260-03  |a 東京 :  |b 八木書店,  |c 昭和 60 [1985] 
880 1 0 |6 600-04  |a 与謝野鉄幹,  |d 1873-1935.  |t むらさき. 
880 1 2 |6 700-05  |a 与謝野鉄幹,  |d 1873-1935.  |t むらさき.  |f 1985. 
988 |a 20021127 
906 |0 DLC